Hotel hoodoo (Record no. 69403)

MARC details
000 -LEADER
fixed length control field 00999cam a2200205 4500
001 - CONTROL NUMBER
control field ABS64996
008 - FIXED-LENGTH DATA ELEMENTS--GENERAL INFORMATION
fixed length control field 020130n2001 000 0 eng u
035 ## - SYSTEM CONTROL NUMBER
System control number (Sirsi) u116548
100 ## - MAIN ENTRY--PERSONAL NAME
Personal name McConnell, T
245 ## - TITLE STATEMENT
Title Hotel hoodoo
260 ## - PUBLICATION, DISTRIBUTION, ETC.
Date of publication, distribution, etc. 2001
490 ## - SERIES STATEMENT
Series statement Property Week
Volume/sequential designation 66(50) 14 December 2001, 42-43(2)
520 ## - SUMMARY, ETC.
Summary, etc. Reports on the hotel sector and the uncertain future faced by the sector following the foot and mouth crisis and the terrorist attacks on 11 September 2001. Hotel values and occupancies have dropped drastically, especially for upmarket London hotels: regional hotels have begun to recover as people stay in Britain rather than go abroad. Owners are faced with either selling up or sitting tight in the hope of a recovery while investors expect a price reduction.
590 ## - LOCAL NOTE (RLIN)
Local note ABS
650 ## - SUBJECT ADDED ENTRY--TOPICAL TERM
Topical term or geographic name entry element HOTEL MARKET
650 ## - SUBJECT ADDED ENTRY--TOPICAL TERM
Topical term or geographic name entry element INVESTMENT MARKET
650 ## - SUBJECT ADDED ENTRY--TOPICAL TERM
Topical term or geographic name entry element RECESSION
690 ## - LOCAL SUBJECT ADDED ENTRY--TOPICAL TERM (OCLC, RLIN)
Topical term or geographic name as entry element PROPERTY-COMMERCIAL PROPERTY-COMMERCIAL PROPERTY FINANCE AND INVESTMENT
942 ## - ADDED ENTRY ELEMENTS (KOHA)
Suppress in OPAC 0
Holdings
Withdrawn status Lost status Source of classification or shelving scheme Damaged status Not for loan Home library Current library Shelving location Date acquired Total Checkouts Full call number Barcode Date last seen Copy number Price effective from Koha item type
    Dewey Decimal Classification     London London Journal article 30/01/2002   ABS64996 116548-1001 06/08/2019 1 06/08/2019 Journal article